Los mundos lejanos, el universo como conjunto maravilloso / (Record no. 37307)

MARC details
000 -LEADER
campo de control de longitud fija 00657nam a2200181 i 4500
001 - NÚMERO DE CONTROL
campo de control 37307
003 - IDENTIFICADOR DE NÚMERO DE CONTROL
campo de control ES-MaACL
005 - FECHA Y HORA DE LA ÚLTIMA TRANSACCIÓN
campo de control 20230906155537.0
007 - CAMPO FIJO DE DESCRIPCIÓN FÍSICA--INFORMACIÓN GENERAL
campo de control de longitud fija t|
008 - DATOS DE LONGITUD FIJA--INFORMACIÓN GENERAL
campo de control de longitud fija 030220q1942 sp ||||1| spa d
100 1# - ENTRADA PRINCIPAL--NOMBRE DE PERSONA
Nombre de persona Buergel, Bruno H.
9 (RLIN) 32416
245 14 - MENCIÓN DEL TÍTULO
Título Los mundos lejanos, el universo como conjunto maravilloso /
Mención de responsabilidad, etc. Bruno H. Buergel ; versión española por Manuel Alvarez Castrillón y Julio Gadea.
260 ## - PUBLICACIÓN, DISTRIBUCIÓN, ETC.
Lugar de publicación, distribución, etc. Barcelona :
Nombre del editor, distribuidor, etc. Labor,
Fecha de publicación, distribución, etc. [1942?] (
Fabricante Tall. Graf. Ibero-Americanos)
300 ## - DESCRIPCIÓN FÍSICA
Extensión VIII, 605 p., 48 lám. ;
Dimensiones 22 cm.
700 1# - ENTRADA AGREGADA--NOMBRE PERSONAL
Nombre de persona Alvarez Castrillón, Manuel.
9 (RLIN) 20730
700 1# - ENTRADA AGREGADA--NOMBRE PERSONAL
Nombre de persona Gadea, Julio.
9 (RLIN) 53189
852 ## - LOCALIZACIÓN
Ubicación ES-MaACL
Número de control de estantería F-16156
Sublocalización o colección R.20822
Holdings
Estatus retirado Estado de pérdida Estado de daño No para préstamo Biblioteca de origen Biblioteca actual Ubicación en estantería Fecha de adquisición Fuente de adquisición Total de préstamos Signatura topográfica completa Código de barras Visto por última vez Precio de reemplazo Tipo de ítem Koha
        Biblioteca del Ateneo de Madrid Biblioteca del Ateneo de Madrid Sala Pecera Planta 2 17/01/2008     F-16156 1039257 23/02/2023 23/02/2023 Libro impreso